Право интеллектуальной собственности: учебное пособие

Bibliographische Detailangaben
1. Verfasser: Малышева М. Ф. Марина Филипповна
Weitere Verfasser: Стрельникова И. А. Ирина Александровна
Zusammenfassung:Представляет собой универсальный сборник материалов для лекционных, семинарских и практических занятий студентов юридических и экономических факультетов вузов, изучающих дисциплины «Право интеллектуальной собственности» и «Правовое обеспечение инновационной деятельности». Рассмотрены способы распоряжения объектами интеллектуальной собственности. Каждая глава включает в себя практикум, который состоит из ситуационных задач, широко встречающихся на практике, и тестовых заданий для контроля уровня усвоения материала. В приложениях содержатся примерные варианты договоров на передачу исключительных прав на результаты интеллектуальной деятельности, а также об­разцы заявок, подаваемых в Роспатент на выдачу охранных документов (программа ЭВМ, база данных, изобретение, полезная модель, товарный знак).Соответствует действующему Федеральному государственному образователь­ному стандарту высшего образования нового поколения.Для студентов бакалавриата и магистратуры, аспирантов и преподавателей юридических и экономических вузов и факультетов, служащих органов государственной власти и муниципальных органов, а также для читателей, интересующихся вопросами теории и практики права интеллектуальной собственности.
Sprache:Russisch
Veröffentlicht: Москва, КноРус, 2016
Schriftenreihe:Бакалавриат и специалитет
Schlagworte:
Format: MixedMaterials Buch
KOHA link:https://koha.lib.tpu.ru/cgi-bin/koha/opac-detail.pl?biblionumber=293014

MARC

LEADER 00000nam0a2200000 4500
001 293014
005 20231102000543.0
010 |a 9785406045053 
035 |a (RuTPU)RU\TPU\book\317826 
090 |a 293014 
100 |a 20150428d2016 m y0rusy50 ca 
101 0 |a rus 
102 |a RU 
105 |a y j 001zy 
200 1 |a Право интеллектуальной собственности  |e учебное пособие  |f М. Ф. Малышева, И. А. Стрельникова 
210 |a Москва  |c КноРус  |d 2016 
215 |a 253 с. 
225 1 |a Бакалавриат и специалитет 
320 |a Библиогр.: с. 115-118. 
320 |a Глоссарий: с. 110-114. 
330 |a Представляет собой универсальный сборник материалов для лекционных, семинарских и практических занятий студентов юридических и экономических факультетов вузов, изучающих дисциплины «Право интеллектуальной собственности» и «Правовое обеспечение инновационной деятельности». Рассмотрены способы распоряжения объектами интеллектуальной собственности. Каждая глава включает в себя практикум, который состоит из ситуационных задач, широко встречающихся на практике, и тестовых заданий для контроля уровня усвоения материала. В приложениях содержатся примерные варианты договоров на передачу исключительных прав на результаты интеллектуальной деятельности, а также об­разцы заявок, подаваемых в Роспатент на выдачу охранных документов (программа ЭВМ, база данных, изобретение, полезная модель, товарный знак).Соответствует действующему Федеральному государственному образователь­ному стандарту высшего образования нового поколения.Для студентов бакалавриата и магистратуры, аспирантов и преподавателей юридических и экономических вузов и факультетов, служащих органов государственной власти и муниципальных органов, а также для читателей, интересующихся вопросами теории и практики права интеллектуальной собственности. 
606 1 |a Интеллектуальная собственность  |x Право  |2 stltpush  |3 (RuTPU)RU\TPU\subj\12805  |9 39522 
610 1 |a гражданское законодательство 
610 1 |a правовая охрана 
610 1 |a авторское право 
610 1 |a патентное право 
610 1 |a задачи 
610 1 |a тесты 
610 1 |a учебные пособия 
686 |a Х623.3.я73  |2 rubbk 
700 1 |a Малышева  |b М. Ф.  |g Марина Филипповна 
701 1 |a Стрельникова  |b И. А.  |g Ирина Александровна 
801 1 |a RU  |b 63413507  |c 20150428 
801 2 |a RU  |b 63413507  |c 20150826  |g RCR 
900 |a Интеллектуальная и промышленная собственность 
900 |a Интеллектуальная собственность 
942 |c BK 
951 |l 8.1 
959 |a 60/20150427  |d 1  |e 390,00  |f ЧЗГЛ:1